Регионална библиотека "Любен Каравелов" - Русе

Cours de droit commercial (Запис номер 404377)

MARC детайли
000 -Лидер
Контролно поле с фиксирана дължина nam a22 a 4500
003 - Код на организацията, давaща контролен номер
Контролно поле BLK
005 - Дата и час на последна редакция
Контролно поле 20210331140135.0
008 - Елементи от данни с фиксирана дължина
fixed length control field 210331b bul|||||r ||||||| ||bul||
040 ## - Източник на каталожния запис
Идентификатор на билиотеката - собственик на записа BLK
041 ## - Код за език
Код за езика на текст/звукозапис или на отделно заглавие Френски
Код за езика КДБФ Френски
080 ## - УДК
Текстов определител УДК Търговско право
УДК код - определител по УДК 347.7
УДК - код + определител 347.7
100 ## - Редна дума - Автор
Автор Boistel, Martin
Авторска отговорност първи автор
R(LIN) 445825
139 ## - Редно поле
Редна дума Boistel, Martin
245 10 - Сведения за заглавието
Заглавие Cours de droit commercial
Редно поле (дума) Martin Boistel
250 ## - Област на изданието
Сведения за изданието 3 éd.
257 ## - Страна на издаване
Страна на създаване/издаване Франция
260 ## - Област на издателските данни
Място на издаване, разпространение и проч. Paris
Име на издателя, разпространителя и проч. Ernest Thorin
Година на издаване 1884-1887
9 (RLIN) 435712
300 ## - Физическа характеристика
Страници 1208 с.
Размери/Мащаб 22 см
380 ## - Жанр
Жанр Обществени науки
650 #0 - Допълнително описание по предмет – тема
Основно описание – тема или топоним Търговско право
9 (RLIN) 248222
653 ## - Ключова дума – ненормативна
Ключова дума търговско право
852 ## - Местоположение
Форматна сигнатура Цб 3.220.14014
856 4# - Електронен адрес и достъп
Електронен формат pdf - файл
856 4# - Електронен адрес и достъп
Електронен формат pdf - файл
999 ## - СИСТЕМНИ КОНТРОЛНИ НОМЕРА
Koha biblionumber 404377
Koha biblioitemnumber 404377
942 ## - АРТИКУЛИ
Вид на библиотечния материал Книги
Скрит в OPAC Не
Периодичен библиозапис Да
944 ## - СЪЗДАВАНЕ И РЕДАКЦИЯ на ЗАПИСА
Създаване/Редакция Създаване
Дата на регистрацията/редакция 2021-03-31
Служител, извършил регистрацията/редакцията ДГ
Наличности
Код за отписване Код за изгубен артикул Източник на класификационната схема Код за повреда Коз за рестрикции Код за отдаване Артикулен № Име на библиотеката - собственик Име на библиотеката, в която се намира в момента Статус (Текущо местоположение) Дата на вписване в системата Местоположение - отдел Цена в лева Инвентарен номер Систематично азбучна сигнатура Баркод Цена в евро Служебен тип на артикула
  Не е изгубен Universal Decimal Classification Не е повреден само за читалня Специални фондове ( старопечатни, редки и ценни, фонд М. Арнаудов) 854953 Регионална библиотека "Любен Каравелов" Русе Регионална библиотека "Любен Каравелов" Русе Редки и ценни 2021-09-24 Редки и ценни 2.36 14014 Рф 884 900000044435 1.21 Книги
Vip Innovations Ltd, Rousse, Bulgaria 2025